Antonio Machado / (Registro nro. 186351)

Detalles MARC
000 -LEADER
campo de control de longitud fija 01212nam a2200313 i 4500
001 - NÚMERO DE CONTROL
campo de control 186351
003 - IDENTIFICADOR DE NÚMERO DE CONTROL
campo de control SpMaBN
005 - FECHA Y HORA DE LA ÚLTIMA TRANSACCIÓN
campo de control 20250822055648.0
008 - DATOS DE LONGITUD FIJA--INFORMACIÓN GENERAL
campo de control de longitud fija 161026s1989 sp cf |||| |bspa d
020 ## - NÚMERO INTERNACIONAL ESTÁNDAR DEL LIBRO
Número Internacional Estándar del Libro 84-239-3829-8
080 ## - NÚMERO DE LA CLASIFICACIÓN DECIMAL UNIVERSAL
Número de la Clasificación Decimal Universal 821.134.2-82"19"
100 1# - ENTRADA PRINCIPAL--NOMBRE DE PERSONA
Nombre de persona Machado, Antonio,
Fechas asociadas al nombre 1875-1939
9 (RLIN) 75151
245 10 - MENCIÓN DEL TÍTULO
Título Antonio Machado /
Mención de responsabilidad, etc. edición crítica de Oreste Macrì con la colaboración de Gaetano Chiappini.
246 1# - FORMA VARIANTE DEL TITULO
Título propio/Titulo breve Poesías completas
246 1# - FORMA VARIANTE DEL TITULO
Título propio/Titulo breve Prosas completas
250 ## - MENCION DE EDICION
Mención de edición Ed. del cincuentenario (1939-1989).
260 ## - PUBLICACIÓN, DISTRIBUCIÓN, ETC.
Lugar de publicación, distribución, etc. Madrid :
Nombre del editor, distribuidor, etc. Espasa-Calpe :
-- Fundación Antonio Machado,
Fecha de publicación, distribución, etc. 1989.
300 ## - DESCRIPCIÓN FÍSICA
Extensión 2 v. (XXIII, 2545 p., [16] p. de lám.) ;
Dimensiones 22 cm.
490 1# - MENCIÓN DE SERIE
Mención de serie Clásicos castellanos. Nueva serie
500 ## - NOTA GENERAL
Nota general Índice.
504 ## - NOTA DE BIBLIOGRAFÍA, ETC.
Nota de bibliografía, etc. Bibliografía: p. [249]-422.
505 8# - NOTA DE CONTENIDO CON FORMATO
Nota de contenido con formato Contiene: v. 1 ;
Título Poesías completas -­ v. 2 ;
-- Prosas completas
700 1# - ENTRADA AGREGADA--NOMBRE PERSONAL
Nombre de persona Macrí, Oreste.
9 (RLIN) 75278
700 1# - ENTRADA AGREGADA--NOMBRE PERSONAL
Nombre de persona Chiappini, Gaetano.
9 (RLIN) 38460
710 2# - ENTRADA AGREGADA--NOMBRE DE ENTIDAD CORPORATIVA
Nombre de entidad corporativa o nombre de jurisdicción como elemento de entrada Fundación Antonio Machado.
9 (RLIN) 137683
830 00 - PUNTO DE ACCESO ADICIONAL DE SERIE-TÍTULO UNIFORME
Título uniforme Clásicos castellanos.
Nombre de parte o sección de la obra Nueva serie (Espasa-Calpe)
9 (RLIN) 178821
852 ## - LOCALIZACIÓN
Ubicación ES-MaACL
Número de control de estantería L-30711-12
Nota libre - enc. cart.
-- . - Donat. Miguel A. Velasco
Existencias
Estatus retirado Estado de pérdida Estado de daño No para préstamo Biblioteca de origen Biblioteca actual Ubicación en estantería Fecha de adquisición Fuente de adquisición Total de préstamos Signatura topográfica completa Código de barras Visto por última vez Precio de reemplazo Tipo de ítem Koha
        Biblioteca del Ateneo de Madrid Biblioteca del Ateneo de Madrid Depósito 2 26/10/2016     L-30711-12 1196499 23/02/2023 23/02/2023 Libro impreso